| 000 | 01620nam0a2200337 4500 | ||
|---|---|---|---|
| 001 | RU\NLR\bibl\805626 | ||
| 005 | 20260406020325.0 | ||
| 010 |
_a5-243-00078-7 _9500 |
||
| 021 |
_aRU _b2005-9008 _9469 |
||
| 035 | _a(NLR Aleph) 000794759 | ||
| 090 |
_a1143965 _c1143965 |
||
| 100 | _a20050601d2004 |||y0rusy50 ca | ||
| 101 | 0 | _arus | |
| 102 | _aRU | ||
| 105 | _ay ||||||||| | ||
| 200 | 1 |
_aНародное образование Самары: хроника событий. 1917-1991 гг. _fКозловская Г.Е., Московский О.В. _gМ-во образования Рос. Федерации, Моск. гор. пед. ун-т, Самар. фил. |
|
| 210 |
_aСамара _cМосковский городской педагогический университет _d2004 |
||
| 215 |
_a249 с. _d20 |
||
| 300 | _aНа 4-й с. обл. авт.: Галина Козловская, д.ист.н., проф., Олег Московский к.филол.н. | ||
| 320 | _aБиблиогр. в тексте | ||
| 606 | 1 |
_aОбразование _jДокументы и материалы _xИстория _yСамара, город _92381620 _3RU\NLR\auth\661420929 |
|
| 686 | _aЧ33(2)7 | ||
| 700 | 1 |
_4070 _7ca _8rus _aКозловская _bГ. Е. _cд-р ист. наук _f1954- _gГалина Ефимовна _9104741 _3RU\NLR\auth\77121816 |
|
| 701 | 1 |
_aМосковский _bО. В. _gОлег Викторович _4070 |
|
| 801 | 0 |
_aRU _bNLR _c20050601 _gPSBO |
|
| 801 | 1 |
_aRU _bNLR _c20050601 |
|
| 830 | _aавт. по кн. | ||
| 942 | _cBOOK | ||
| 980 | _aNB | ||
| 980 | _aNBR | ||